000 01319nam0a2200325 4500
001 RU\NLR\bibl\1225346
005 20250615112622.0
010 _a978-5-93295-366-2
_92000
021 _aRU
_b2008-19034
_91041
035 _a(NLR Aleph) 001211663
090 _a82122
_c82122
100 _a20080512d2008 |||y0rusy50 ca
101 0 _arus
102 _aRU
105 _ay |||||||||
200 1 _aУголовно-правовой институт освобождения от наказания
_fК.В. Михайлов
210 _aМосква
_cЮрлитинформ
_d2008
215 _a309,[2] с.
_d20
225 1 _aБиблиотека криминалиста
300 _aНа обороте тит.л. авт.: Михайлов К.В. - к.ю.н., доц.
320 _aБиблиогр.: с. 306-310 (68 назв.) и в подстроч. прим.
606 1 _aОсвобождение от наказания по уголовному праву
_yРоссийская Федерация
_92255007
_3RU\NLR\auth\661352401
686 _aХ628.103.22
700 1 _aМихайлов
_bК. В.
_gКонстантин Владимирович
_4070
801 0 _aRU
_bNLR
_c20080512
_gRCR
801 1 _aRU
_bNLR
_c20080512
830 _aавт. по кн.
942 _cBOOK
980 _aNB